01453nas a2200229 454500001000500000005001700005008003700022003001500059040004000074080008400114245004700198022001500245264005000260310003100310505066400341100002401005650001601029650002701045650001301072650002001085856011801105133220260407193503.0260407s1981####ag###########|||spa#dAR-UNSa-BCEJYS aAR-UNSa-BCEJYSbspacAR-UNSa-BCEJYS a338.1xSituación económica. Ciclos. Desarrollo de la estructura económica10aRevista de la bolsa de comercio de Rosario a 0326-2308 1aRosario :bBolsa de Comercio de Rosarioc1981 aFrecuencia: Cuatrimestral  aCambia Dir. a partir del Nº 1430 por Víctor M. Cabanellas, Cambia Dir. a partir del Nº 1446 por Federico E. Boglione, Cambia Dir. a partir del Nº 1454 por Juan Carlos Meroi, Cambia Dir. a partir del Nº 1458 por Hugo O.B. Grassi, Cambia Dir. a partir del Nº 1463 por Cristián F. Amuchástegui, Cambia Dir. a partir del Nº 1473 por Nicanor D. Sodiro, Cambia Dir. a partir del Nº 1488 por Federico E. Boglione, Cambia Dir. a partir del Nº 1497 por Jorge E. Weskamp, Cambia Dir. a partir del Nº 1509 por Cristián F. Amuchástegui,Cambia Dir. a partir del Nº 1521 por Raúl R. Meroi, Cambia Dir. a partir del Nº 1526 por Alberto A. Padoán 1 aZambruni, José A. aAgricultura aComercio internacional aFinanzas a6.25 Economía41uhttps://biblioeco.unsa.edu.ar/pmb/images/revistas/Bolsa de Comercio de Rosario.jpgyImagen de portadaqimage/jpeg